000 01233cam a2200325 i 4500
001 44506
003 Mx-PuUPA
005 20240410154704.0
008 140415s2020 mx gr 000 0 spa d
020 _a9786077479987
040 _cMx-PuUPA
_aMx-PuUPA
_bspa
_dMx-PuUPA
_erda
041 1 _aspa
_heng
100 1 _aRogers, Carl R.,
_eautor
240 1 0 _aOn becoming a person.
_lEspañol
245 1 3 _aEl proceso de convertirse en persona :
_bmi técnica terapéutica /
_cCarl R. Rogers ; traducción, Liliana R. Wainberg
250 _aPrimera edición
264 1 _aCiudad de México :
_bPaidós,
_c2020
300 _a392 páginas ;
_c19 cm
336 _2rdacontent
_atexto
_btxt
337 _2rdamedia
_asin medio
_bn
338 _2rdacarrier
_avolumen
_bnc
490 0 _aDivulgación Psicología
650 7 _2armarc
_aPsicoterapia
700 1 _aWainberg, Liliana R.,
_etraductor
765 0 _aRogers, Carl R.,
_bPrimera edición
_d[Lugar de publicación no identificado] : Houghton Mifflin Company, 1961
_tOn becoming a person.
942 _2ddc
_cLI
_h616.8914
_iR72
999 _c44506
_d44506